Mileniáli na trhu práce

Predstavenie skupiny mileniálov, ich želania voči firmám. Ich najväčší a najmenší záujem o konkrétne posty. Top posty s najvyšším podielom milenálov. Najatraktívnejšie benefity pre mileniálov.

Gespeichert in:
Bibliographische Detailangaben
Format: Buchkapitel
Sprache:Slowakisch
Schlagworte:
Tags: Tag hinzufügen
Keine Tags, Fügen Sie das erste Tag hinzu!

MARC

LEADER 00000naa a2200000 4500
001 0257013
005 20220725111456.6
041 0 |a slo 
044 |a SK 
245 1 0 |a Mileniáli na trhu práce 
520 |a Predstavenie skupiny mileniálov, ich želania voči firmám. Ich najväčší a najmenší záujem o konkrétne posty. Top posty s najvyšším podielom milenálov. Najatraktívnejšie benefity pre mileniálov. 
610 2 0 |a trh práce 
610 2 0 |a zamestnávatelia 
610 2 0 |a generácie 
610 2 0 |a benefity 
610 2 0 |a kariéra